000 00858nac a22002655a 4500
008 150816r20111981enk frb 001 0 eng d
010 _a 80042030
020 _a0416142702
020 _a9781850436584
040 _aEG-ScBUE
_beng
_cEG-ScBUE
082 0 4 _a330.956
_bOWE
_222
100 1 _aOwen, Roger,
245 1 4 _aThe middle east in the world economy 1800-1914 /
_cRoger Owen.
260 _aLondon ;
_aNew York :
_bMethuen,
_c1981.
300 _axix, 378 p. ;
_c25 cm.
500 _aIndex : p. 371-378.
500 _adistributer: Baccah.
504 _aBibliography: p. 346-370.
590 _acatalogued by: Mostafa El-Helaly
650 _2BUEsh
651 0 _aMiddle East
_xEconomic conditions.
_2BUEsh
651 0 _aMiddle East
_xForeign economic relations.
_2BUEsh
653 _cAugust2015
_bBUSECO
942 _cTB
_k330.956OWE
_2ddc
999 _c8051
_d8048